Osservazioni di un teologo ad un conte nelle quali si risponde alledifficoltà prodotte nelle quattro lettere del cuarato campestre..

Detalles Bibliográficos
Formato: Libro
Publicado: Florencia 1776
Materias:
Colección:Banco de datos
Acervo:Biblioteca Nacional de Antropología e Historia. Fondo Conventual
Descripción Física:t.II.
Tema general:Apologética
Notas:Mala. XV, 4, 19.
LEADER 00700nam a22001930004500
035 |a 6654 
036 |a 1259 
245 1 0 |a Osservazioni di un teologo ad un conte nelle quali si risponde alledifficoltà prodotte nelle quattro lettere del cuarato campestre.. 
260 |a Florencia  |b Granducale  |c 1776 
300 |a t.II. 
500 |a Mala. XV, 4, 19. 
650 1 0 |a Apologética 
949 |a B.N.A.H. 
959 |a Biblioteca Nacional de Antropología e Historia. Ciudad de México  |b CCC1 
960 |a Seminario de Morelia  |b DD56 
961 |a Casa de formación del Clero Secular  |b CS 
942 |c B.N.A.H. 
943 |g Biblioteca Nacional de Antropología e Historia. Fondo Conventual 
999 |c 1031186  |d 1031186